[Event "Enniscrone Sligo-ch"]
[Site "Enniscrone"]
[Date "2024.02.04"]
[Round "4"]
[White "Mcdonnell Ryan, Lorcan"]
[Black "McClatchey, Rob"]
[Result "1-0"]
[WhiteElo "1554"]
[BlackElo "1576"]
[PlyCount "60"]
[EventDate "2024.02.02"]
[EventType "swiss"]
[EventRounds "5"]
[EventCountry "IRL"]
[SourceTitle "CB08_2024"]
[SourceDate "2024.02.21"]
[SourceVersion "1"]
[SourceVersionDate "2024.02.21"]
[SourceQuality "1"]

1. e4 d6 2. d4 Nf6 3. Nc3 c6 4. f4 Qa5 5. Bd3 e5 6. Nf3 exd4 7. Nxd4 g6 8. h3 Bg7 9. Be3 Nbd7 10. 0-0 0-0 11. a3 Qc7 12. b4 a6 13. Nf3 b5 14. Qd2 Bb7 15. Bf2 c5 16. Rfe1 Rfe8 17. bxc5 dxc5 18. e5 Nd5 19. Nxd5 Bxd5 20. Bxg6 Bxf3 21. Bxf7+ Kxf7 22. gxf3 Qc6 23. Rad1 Rad8 24. Qd6 Nxe5 25. Qxc6 Nxc6 26. Bxc5 Rxe1+ 27. Rxe1 Bd4+ 28. Bxd4 Nxd4 29. Kf2 Nxc2 30. Rc1 Rd2+ 1-0